| 000 | 01950cam a22003374i 4500 | ||
|---|---|---|---|
| 003 | PE-LiUPU | ||
| 005 | 20250731175631.0 | ||
| 008 | 150625s r 000 0 d | ||
| 035 | _a(Sirsi) a30842 | ||
| 040 |
_aPE-LiUPU _bspa _cPE-LiUPU _erda |
||
| 082 | 0 | 4 |
_a470.415 _bP42 _221 |
| 100 | 1 |
_aPenagos, Luis, _eautor. |
|
| 245 | 1 | 0 | _aGramática latina. |
| 264 | 1 |
_aSantander : _bSal Terrae, _c1988. |
|
| 300 |
_a162 páginas : _bil, graficos, cuadros, dibujos ; _c21 cm. |
||
| 336 |
_atext _2rdacontent |
||
| 337 |
_aunmediated _2rdamedia |
||
| 338 |
_avolume _2rdacarrier |
||
| 505 | 0 | _aNombres sustantivos. su declinacion. -Adjetivos. -Pronombres. -Nociones generales. -Conjugacion activa. -Conjugacion pasiva. -Verbos en conjugacion. -Verbos irregulares y defectivos. -Preteritos y supinos irregulares. -Adeverbios. -Preposiciones. -Conjunciones. -Interjecciones. Nombre Grecolatinos. -Elementos de la oracion. -Sintaxis Oracional. -La concordancia. -La comparación. -El nominativo. -El acusativo. -El adtivo.-El genitivo. -Lugar tiempo y esspacio. -El ablativo. -Oraciones Enunciativas. -Oraciones volitivas. -Oraciones interrogativas. -Oraciones completivas. -Oraciones circunstanciales. -Oraciones relativas. -Modos nominales del verbo. -Estilo indirecto. -Las letras. Las silabas. -reglas generales. -Reglas particulares. -Reglas de los incrementos. -El pie metrico. -El verso. -La estrofa. | |
| 526 | _aP145 | ||
| 526 | _aP127 | ||
| 526 | _aP97 | ||
| 526 | _aP35 | ||
| 526 | _aP14 | ||
| 526 | _aP07 | ||
| 942 |
_2ddc _cBOOK |
||
| 949 |
_a470.415 P42 _wDEWEY _c1 _i38759 _lCCODEBUL1 _mBUL _p00.00 _r0 _sY _tBOOK _u2015-06-25 _xBIBLIOTECA _zUNKNOWN _0COMPRA _o.STAFF. Colección General |
||
| 596 | _a1 | ||
| 999 |
_a470.415 P42 _wDEWEY _c38330 _i38759 _d38330 _e2019-10-15 _f2021-11-12 _g5 _lCCODEBUL1 _mBUL _n4 _r0 _sY _tBOOK _u2015-6-25 _xTEOLOGIA _zUNKNOWN _0COMPRA _o.STAFF. Colección General |
||
| 980 |
_81 _gALBERTO SANCHEZ Responsable de Automatización |
||